Investigación de la naturaleza y causas de la riqueza de las naciones.

Saved in:
Bibliografiske detaljer
Hovedforfatter: Smith, Adam (autor)
Andre forfattere: Tallada, José M. (prólogo)
Format: Bog
Udgivet: Barcelona, España: Bosch, 1949.
Udgivelse:Segundo tiraje.
Fag:
Tags: Tilføj Tag
Ingen Tags, Vær først til at tagge denne postø!

MARC

LEADER 00000cam a2200000 a 4500
001 UCP4836
003 CL-VaPUC
005 20240531152146.0
008 220701t1949 ||||| |||| 00| 0 eng d
999 |c 436573  |d 436571 
040 |c Pontificia Universidad Católica de Valparaíso 
082 0 4 |a 330 SMI 1949  |2 21 
100 |a Smith, Adam   |e autor  |9 345876 
245 1 3 |a Investigación de la naturaleza y causas de la riqueza de las naciones. 
250 |a Segundo tiraje. 
260 |a Barcelona, España:  |b Bosch,  |c 1949. 
300 |a Volumen II (Libro II, III y IV); 455 páginas. 
500 |a c.1 Donación Familia Prof. Alejandro Guzmán Brito. Revisión y adaptación al castellano moderno de la traducción del licenciado José Alonso Ortiz, publicada en 1794, por la Redacción de "España bancaria". 
583 |a last modification  |c 20160628 09:31:03  |k Catalogador Asistente 
650 0 |a Economía   |9 255568 
650 0 |a Riqueza  |9 256853 
650 0 |a Trabajo  |9 313876 
650 0 |a Dinero  |9 314331 
650 0 |a Salarios  |9 255321 
650 0 |a Capital   |9 263726 
650 0 |a Capitalismo  |9 255255 
650 0 |a Política económica   |9 255029 
700 |a Tallada, José M.  |e prólogo  |9 871927 
942 |c BK  |2 ddc  |n 0 
945 |d 19990821 00:00:00  |a rbrito 
952 |0 0  |1 0  |2 ddc  |4 0  |6 330_000000000000000_SMI_1949  |7 0  |8 C_AGB  |9 584249  |a BIBDER  |b BIBDER  |d 2022-07-01  |e Donación  |i 5652391  |l 1  |o 330 SMI 1949  |p 5652391  |r 2023-05-12  |s 2023-05-12  |t 1  |w 2022-07-01  |y BK_US  |k AGB